000
00295nam a2200133Ia 4500
008
190216s9999||||xx |||||||||||||| ||und||
100
_a
"Adrian M Srb, Ray D Owen"
245
0
_a
General Genetics
250
_a
1st Ed.
260
_b
Null
_c
1970
300
_a
557
650
_a
Botany
942
_c
BK
999
_c
1188
_d
1188